[Event "BCF-chT2d 1415 (4NCL) Demotion pool"]
[Site "England"]
[Date "2015.05.04"]
[Round "11.17"]
[White "Sathyanandha, Saravanan"]
[Black "Adaway, William"]
[Result "1-0"]
[WhiteElo "2163"]
[BlackElo "2102"]
[PlyCount "71"]
[EventDate "2015.03.29"]
[EventType "team-tourn"]
[EventRounds "11"]
[EventCountry "ENG"]
[SourceTitle "EXT 2016"]
[Source "ChessBase"]
[SourceDate "2015.10.08"]
[SourceVersion "1"]
[SourceVersionDate "2015.10.08"]
[SourceQuality "1"]
[WhiteTeam "KJCA Kings"]
[BlackTeam "Wessex"]
[WhiteTeamCountry "ENG"]
[BlackTeamCountry "ENG"]

1. e4 c5 2. c3 d5 3. exd5 Qxd5 4. d4 e6 5. Nf3 Nf6 6. Be3 cxd4 7. cxd4 Nc6 8. a3 Be7 9. Nc3 Qd6 10. Be2 0-0 11. 0-0 Rd8 12. Qb3 a6 13. Rfd1 b5 14. Rac1 Bb7 15. Na4 Nb8 16. Nc5 Bd5 17. Qc3 Nbd7 18. Ne5 Nb6 19. Bf4 Rdc8 20. Qh3 Qd8 21. Bd3 Na4 22. b4 g6 23. Be2 Qe8 24. Re1 a5 25. Bg4 Nxg4 26. Nxg4 axb4 27. axb4 Nxc5 28. dxc5 Ra4 29. Be5 h5 30. Ne3 Rd8 31. Bc3 Bg5 32. Rcd1 Qc6 33. Qg3 Bh6 34. Qh4 Rf8 35. Qf6 Kh7 36. Rxd5 1-0

[Event "BCF-chT2a 1415 (4NCL)"]
[Site "England"]
[Date "2015.03.28"]
[Round "7.242"]
[White "Kett, Timothy"]
[Black "Sathyanandha, Saravanan"]
[Result "1-0"]
[WhiteElo "2215"]
[BlackElo "2178"]
[PlyCount "215"]
[EventDate "2014.11.15"]
[EventType "team-tourn"]
[EventRounds "7"]
[EventCountry "ENG"]
[SourceTitle "EXT 2016"]
[Source "ChessBase"]
[SourceDate "2015.10.08"]
[SourceVersion "1"]
[SourceVersionDate "2015.10.08"]
[SourceQuality "1"]
[WhiteTeam "Rhyfelwyr Essyllwg"]
[BlackTeam "KJCA Kings"]
[WhiteTeamCountry "ENG"]
[BlackTeamCountry "ENG"]

1. e4 e6 2. d4 d5 3. Nc3 Nf6 4. e5 Nfd7 5. f4 c5 6. Nf3 Nc6 7. Be3 a6 8. Qd2 b5 9. Be2 Qb6 10. 0-0 cxd4 11. Nxd4 Bc5 12. Rad1 0-0 13. Kh1 Nxd4 14. Bxd4 Bxd4 15. Qxd4 Qxd4 16. Rxd4 Rb8 17. g4 g5 18. fxg5 Nxe5 19. Kg2 Nc4 20. Kg3 Bb7 21. Bxc4 bxc4 22. Rf6 Rfe8 23. Nd1 e5 24. Rd2 d4 25. c3 Rbd8 26. cxd4 exd4 27. Rf4 d3 28. Kf2 Re4 29. Rxe4 Bxe4 30. Ke3 Bc6 31. Rf2 Re8+ 32. Kd2 Re5 33. h4 Ra5 34. a3 Bd7 35. Rf4 Be6 36. Ne3 Rc5 37. Kc3 Rc8 38. Rd4 a5 39. a4 Rc7 40. Nd5 Bxd5 41. Rxd5 Rb7 42. Kxc4 Rb4+ 43. Kxd3 Rxa4 44. Rd4 Ra1 45. Kc4 Rc1+ 46. Kb5 Rc2 47. b3 Rb2 48. Rd3 Ra2 49. h5 Kg7 50. Rd8 h6 51. gxh6+ Kxh6 52. Rd5 Ra1 53. Rf5 Kg7 54. g5 Rb1 55. Kc4 Ra1 56. Kc3 Ra2 57. Rd5 a4 58. b4 Rh2 59. h6+ Kg6 60. Ra5 a3 61. Kb3 a2 62. b5 a1Q 63. Rxa1 Kxg5 64. Ra6 f5 65. b6 Rxh6 66. b7 Rxa6 67. b8Q Re6 68. Kc4 Re4+ 69. Kd5 Kg4 70. Qh2 Re3 71. Qg2+ Rg3 72. Qe2+ Rf3 73. Ke5 Kg3 74. Qe1+ Kg2 75. Qh4 Kf1 76. Qh2 Rf2 77. Qh3+ Ke2 78. Qh1 Rf1 79. Qc6 Rf3 80. Qc2+ Kf1 81. Kd4 Rf2 82. Qc1+ Kg2 83. Qg5+ Kf1 84. Ke3 Re2+ 85. Kd3 Rf2 86. Qh5 Kg2 87. Qh4 Rf3+ 88. Ke2 Rg3 89. Qf4 Rg8 90. Qf3+ Kh2 91. Kf2 Rg4 92. Qxf5 Rg2+ 93. Kf3 Rg3+ 94. Kf4 Rg2 95. Qh5+ Kg1 96. Kf3 Rf2+ 97. Ke3 Rg2 98. Qh4 Ra2 99. Qg5+ Rg2 100. Qc5 Kh2 101. Kf3 Kh1 102. Qh5+ Kg1 103. Qh4 Rg8 104. Qe1+ Kh2 105. Qd2+ Kg1 106. Qc1+ Kh2 107. Qd2+ Kg1 108. Qc1+ 1-0

[Event "Varsity Oxbridge m 133rd"]
[Site "London"]
[Date "2015.03.07"]
[Round "1.7"]
[White "Sathyanandha, Saravanan"]
[Black "Lenier, Jude"]
[Result "1-0"]
[WhiteElo "2163"]
[BlackElo "2065"]
[PlyCount "77"]
[EventDate "2015.03.07"]
[EventType "team-match"]
[EventRounds "1"]
[EventCountry "ENG"]
[SourceTitle "CBM 165 Extra"]
[Source "ChessBase"]
[SourceDate "2015.04.21"]
[SourceVersion "1"]
[SourceVersionDate "2015.04.21"]
[SourceQuality "1"]
[WhiteTeam "Cambridge"]
[BlackTeam "Oxford"]
[WhiteTeamCountry "ENG"]
[BlackTeamCountry "ENG"]

1. e4 e5 2. Bc4 Nf6 3. d3 Nc6 4. Nc3 Na5 5. Qf3 Bb4 6. Nge2 d6 7. h3 Nxc4 8. dxc4 Be6 9. b3 c6 10. 0-0 d5 11. cxd5 cxd5 12. exd5 Bxd5 13. Qg3 Qd6 14. Rd1 Qe6 15. Nxd5 Nxd5 16. c4 Nf6 17. Bb2 Nd7 18. Rd5 0-0 19. Nf4 Qe7 20. Rxd7 Qxd7 21. Nd5 Qf5 22. Nxb4 Rfe8 23. Nd5 Rad8 24. Re1 f6 25. Ba3 Rd7 26. f4 e4 27. Bb2 Kf7 28. Qe3 b5 29. Nc3 Rd3 30. Qxa7+ Re7 31. Qf2 e3 32. Qf3 Rd2 33. Bc1 Qc2 34. Bxd2 Qxd2 35. Qd5+ Kf8 36. Qxd2 exd2 37. Rd1 Re3 38. Rxd2 Rxc3 39. cxb5 1-0

[Event "BCF-chT2a 1415 (4NCL)"]
[Site "England"]
[Date "2015.02.14"]
[Round "5.99"]
[White "Sathyanandha, Saravanan"]
[Black "Hill, Alistair"]
[Result "1/2-1/2"]
[WhiteElo "2178"]
[BlackElo "2099"]
[PlyCount "120"]
[EventDate "2014.11.15"]
[EventType "team-tourn"]
[EventRounds "7"]
[EventCountry "ENG"]
[SourceTitle "EXT 2016"]
[Source "ChessBase"]
[SourceDate "2015.10.08"]
[SourceVersion "1"]
[SourceVersionDate "2015.10.08"]
[SourceQuality "1"]
[WhiteTeam "KJCA Kings"]
[BlackTeam "Cambridge II"]
[WhiteTeamCountry "ENG"]
[BlackTeamCountry "ENG"]

1. e4 e6 2. d3 c5 3. Nf3 Nc6 4. g3 g6 5. Bg2 Bg7 6. 0-0 Nge7 7. c3 0-0 8. Qe2 d5 9. e5 b6 10. Re1 Ba6 11. Bf4 Rc8 12. Nbd2 Nf5 13. a4 Qd7 14. g4 Nfe7 15. g5 Nf5 16. h4 Nce7 17. Nf1 d4 18. c4 Bb7 19. N1d2 Bh8 20. Ne4 Bxe4 21. Qxe4 Qc6 22. Qe2 Qc7 23. Bh2 Rfd8 24. Qe4 a6 25. Nd2 b5 26. axb5 axb5 27. b3 bxc4 28. bxc4 Nc6 29. Ra4 Nb4 30. h5 gxh5 31. Qe2 Ne7 32. Ne4 Ng6 33. Nf6+ Bxf6 34. gxf6 Qd7 35. Rea1 Kh8 36. Ra7 Rc7 37. Ra8 Rxa8 38. Rxa8+ Rc8 39. Qxh5 Rxa8 40. Bxa8 Qe8 41. Be4 Qg8 42. Kf1 Na2 43. Qh6 Qf8 44. Qh3 Qg8 45. Bg3 Nc3 46. Bc6 Qf8 47. f4 Nd1 48. Be4 Kg8 49. Qh5 Ne3+ 50. Kg1 Qb8 51. Qe2 Qb1+ 52. Kh2 Nf1+ 53. Kh3 Nxg3 54. Kxg3 Qg1+ 55. Bg2 h5 56. Qf3 Qe1+ 57. Kh2 Qh4+ 58. Kg1 Qe1+ 59. Kh2 Qh4+ 60. Kg1 Qe1+ 1/2-1/2

[Event "London Classic op 6th"]
[Site "London"]
[Date "2014.12.13"]
[Round "7"]
[White "Woong, Zhi Wei William"]
[Black "Sathyanandha, Saravanan"]
[Result "0-1"]
[WhiteElo "1912"]
[BlackElo "2190"]
[PlyCount "96"]
[EventDate "2014.12.08"]
[EventType "swiss"]
[EventRounds "9"]
[EventCountry "ENG"]
[SourceTitle "CBM 163 Extra"]
[Source "ChessBase"]
[SourceDate "2014.12.23"]
[SourceVersion "1"]
[SourceVersionDate "2014.12.23"]
[SourceQuality "1"]

1. e4 e6 2. d4 d5 3. Nc3 Nf6 4. Bg5 Be7 5. e5 Nfd7 6. Bxe7 Qxe7 7. f4 a6 8. Nf3 c5 9. Qd2 Nc6 10. dxc5 Nxc5 11. Bd3 f5 12. exf6 Qxf6 13. 0-0 0-0 14. Ne5 Nxd3 15. Qxd3 Nxe5 16. fxe5 Qe7 17. Ne2 Bd7 18. Nd4 Qg5 19. Qg3 Qxg3 20. hxg3 Rxf1+ 21. Rxf1 a5 22. Rf3 Rc8 23. Rb3 b5 24. c3 Rc4 25. a3 h6 26. Kf2 Kh7 27. Ke3 Kg6 28. Kd3 Kg5 29. a4 b4 30. cxb4 axb4 31. Nb5 Kg4 32. Kd2 h5 33. Rf3 Bxb5 34. axb5 Rc7 35. Ke3 Rb7 36. Rf4+ Kxg3 37. Rxb4 g5 38. Kd4 Kxg2 39. Kc5 h4 40. Rg4+ Kf2 41. Rxg5 Rh7 42. b6 h3 43. b7 Rxb7 44. Rh5 Rb3 45. Rh6 Kg2 46. Rxe6 h2 47. Rg6+ Rg3 48. Rh6 Rh3 0-1

[Event "London Classic op 6th"]
[Site "London"]
[Date "2014.12.12"]
[Round "5"]
[White "Fernandez, Daniel Howard"]
[Black "Sathyanandha, Saravanan"]
[Result "1-0"]
[WhiteElo "2454"]
[BlackElo "2190"]
[PlyCount "79"]
[EventDate "2014.12.08"]
[EventType "swiss"]
[EventRounds "9"]
[EventCountry "ENG"]
[SourceTitle "CBM 163 Extra"]
[Source "ChessBase"]
[SourceDate "2014.12.23"]
[SourceVersion "1"]
[SourceVersionDate "2014.12.23"]
[SourceQuality "1"]

1. d4 Nf6 2. Nf3 e6 3. c4 b6 4. g3 Bb7 5. Bg2 Be7 6. 0-0 0-0 7. Nc3 Ne4 8. Nxe4 Bxe4 9. Ne1 Bxg2 10. Nxg2 d5 11. cxd5 exd5 12. Bf4 Qd7 13. Rc1 c5 14. dxc5 bxc5 15. b4 c4 16. Bxb8 Raxb8 17. Rxc4 Rfd8 18. Rd4 Bf6 19. Rd3 Rxb4 20. Nf4 d4 21. e4 Qc6 22. Nd5 Rxd5 23. exd5 Qxd5 24. Qf3 Qxf3 25. Rxf3 Rb6 26. Rb3 Rd6 27. Rc1 g5 28. Kf1 Kg7 29. Ke2 Kg6 30. Ra3 a6 31. Kd3 h5 32. h3 Rb6 33. Rb3 Re6 34. Rb7 Re5 35. Rc6 Rf5 36. Rxa6 Rxf2 37. Rbb6 g4 38. hxg4 hxg4 39. a4 Rf3+ 40. Ke4 1-0

[Event "BCF-chT2d 1314 (4NCL)"]
[Site "England"]
[Date "2014.05.04"]
[Round "10.81"]
[White "Webb, Matthew"]
[Black "Sathyanandha, Saravanan"]
[Result "1-0"]
[WhiteElo "2069"]
[BlackElo "2193"]
[PlyCount "75"]
[EventDate "2013.11.16"]
[EventType "team-tourn"]
[EventRounds "11"]
[EventCountry "ENG"]
[SourceTitle "EXT 2015"]
[Source "ChessBase"]
[SourceDate "2014.11.20"]
[SourceVersion "1"]
[SourceVersionDate "2014.11.20"]
[SourceQuality "1"]
[WhiteTeam "White Rose II"]
[BlackTeam "KJCA Kings"]
[WhiteTeamCountry "ENG"]
[BlackTeamCountry "ENG"]

1. e4 e6 2. d4 d5 3. Nd2 Nf6 4. e5 Nfd7 5. Bd3 c5 6. c3 Nc6 7. Ngf3 g6 8. 0-0 Bg7 9. Bb5 Qb6 10. Qa4 0-0 11. Nb3 c4 12. Nbd2 a6 13. Bxc6 Qxc6 14. Qxc6 bxc6 15. b3 cxb3 16. axb3 c5 17. Ba3 a5 18. Rfe1 Bb7 19. Bxc5 Nxc5 20. dxc5 Rfc8 21. b4 axb4 22. cxb4 Rxa1 23. Rxa1 d4 24. Nc4 Rd8 25. b5 Rd5 26. c6 Rxb5 27. cxb7 Rxb7 28. Ra8+ Bf8 29. g3 Kg7 30. Nd6 Bxd6 31. exd6 Kf6 32. Ra6 d3 33. Ra3 e5 34. Rxd3 Rd7 35. Nd2 e4 36. Nxe4+ Ke5 37. Nc5 Rxd6 38. f4+ 1-0

[Event "BCF-chT2d 1314 (4NCL)"]
[Site "England"]
[Date "2014.03.23"]
[Round "8.81"]
[White "Coleman, David"]
[Black "Sathyanandha, Saravanan"]
[Result "1/2-1/2"]
[WhiteElo "2243"]
[BlackElo "2193"]
[PlyCount "111"]
[EventDate "2013.11.16"]
[EventType "team-tourn"]
[EventRounds "11"]
[EventCountry "ENG"]
[SourceTitle "EXT 2015"]
[Source "ChessBase"]
[SourceDate "2014.11.20"]
[SourceVersion "1"]
[SourceVersionDate "2014.11.20"]
[SourceQuality "1"]
[WhiteTeam "Barbican Youth"]
[BlackTeam "KJCA Kings"]
[WhiteTeamCountry "ENG"]
[BlackTeamCountry "ENG"]

1. e4 e6 2. d4 d5 3. Nc3 Nf6 4. Bg5 Be7 5. e5 Nfd7 6. Bxe7 Qxe7 7. f4 a6 8. Nf3 c5 9. dxc5 Nc6 10. Qd2 Nxc5 11. Bd3 b5 12. 0-0 h6 13. Rae1 0-0 14. Rf2 f5 15. exf6 Qxf6 16. Ne5 Bb7 17. g3 Rad8 18. Nxc6 Bxc6 19. a3 a5 20. Nd1 a4 21. Rfe2 Ne4 22. Bxe4 dxe4 23. Qc3 Rxd1 24. Rxd1 Qxc3 25. bxc3 Bd5 26. Rd4 Rc8 27. Re3 Kf7 28. Kf2 Kf6 29. Ke2 Kf5 30. Kd2 g5 31. fxg5 hxg5 32. Ke1 Ke5 33. Rd2 Rh8 34. Rf2 Rh7 35. Kf1 Rh8 36. Kg2 Rc8 37. h3 Rc7 38. g4 Rc8 39. Kg3 Rc7 40. Rh2 Rc8 41. Rf2 Rh8 42. Rf7 Rc8 43. Rf2 Rh8 44. Rf1 Rc8 45. Rb1 Bc4 46. Rbe1 Bd5 47. R1e2 Rg8 48. Kf2 Kf4 49. Re1 Rd8 50. Kg1 Rc8 51. R1e2 Rc7 52. Kh2 Rc8 53. Rg3 Rh8 54. Rf2+ Ke5 55. Re3 Rc8 56. Kg3 1/2-1/2

[Event "BCF-chT2a 1314 (4NCL)"]
[Site "England"]
[Date "2014.02.16"]
[Round "6.31"]
[White "Sathyanandha, Saravanan"]
[Black "Strugnell, Carl"]
[Result "1/2-1/2"]
[WhiteElo "2188"]
[BlackElo "2277"]
[PlyCount "109"]
[EventDate "2013.11.16"]
[EventType "team-swiss"]
[EventRounds "11"]
[EventCountry "ENG"]
[SourceTitle "EXT 2015"]
[Source "ChessBase"]
[SourceDate "2014.11.20"]
[SourceVersion "1"]
[SourceVersionDate "2014.11.20"]
[SourceQuality "1"]
[WhiteTeam "KJCA Kings"]
[BlackTeam "Rhyfelwyr Essyllwg"]
[WhiteTeamCountry "ENG"]
[BlackTeamCountry "ENG"]

1. e4 e5 2. Bc4 Nf6 3. d3 c6 4. Nf3 d5 5. Bb3 Bb4+ 6. c3 Bd6 7. Bg5 dxe4 8. dxe4 h6 9. Bh4 Qe7 10. Nbd2 Bc7 11. Qc2 Nbd7 12. a4 a5 13. Bc4 0-0 14. 0-0 Nc5 15. Rfe1 Ne6 16. Nf1 Nf4 17. Ne3 g6 18. Rad1 Kg7 19. Qc1 Qc5 20. Bxf6+ Kxf6 21. g3 Nh3+ 22. Kg2 Kg7 23. Ba2 Qe7 24. Qc2 Ng5 25. Nh4 Bh3+ 26. Kh1 Bb6 27. Bb1 Rad8 28. Qe2 Be6 29. Bc2 Qc7 30. Neg2 Nh3 31. Rf1 Rxd1 32. Bxd1 Rd8 33. Ne3 Qd6 34. Bb3 Bxe3 35. Bxe6 Nxf2+ 36. Kg2 Qd2 37. Bc4 b5 38. axb5 cxb5 39. Bxb5 Qxe2 40. Bxe2 Rd2 41. b4 Rxe2 42. Kf3 Rb2 43. Kxe3 Ng4+ 44. Kd3 axb4 45. cxb4 Rxb4 46. Nf3 Ra4 47. h3 Ra3+ 48. Ke2 Nf6 49. Nxe5 Rxg3 50. h4 Rh3 51. Rf4 Nh5 52. Rxf7+ Kg8 53. Rf3 Rxh4 54. Nxg6 Rxe4+ 55. Re3 1/2-1/2

[Event "BCF-chT2a 1314 (4NCL)"]
[Site "England"]
[Date "2014.02.15"]
[Round "5.11"]
[White "Pitcher, John"]
[Black "Sathyanandha, Saravanan"]
[Result "1-0"]
[WhiteElo "2251"]
[BlackElo "2188"]
[PlyCount "67"]
[EventDate "2013.11.16"]
[EventType "team-swiss"]
[EventRounds "11"]
[EventCountry "ENG"]
[SourceTitle "EXT 2015"]
[Source "ChessBase"]
[SourceDate "2014.11.20"]
[SourceVersion "1"]
[SourceVersionDate "2014.11.20"]
[SourceQuality "1"]
[WhiteTeam "Warwicks Select"]
[BlackTeam "KJCA Kings"]
[WhiteTeamCountry "ENG"]
[BlackTeamCountry "ENG"]

1. e4 e6 2. d4 d5 3. e5 c5 4. c3 Qb6 5. Nf3 Nc6 6. Be2 cxd4 7. cxd4 Nh6 8. b3 Nf5 9. Bb2 Bb4+ 10. Kf1 Be7 11. h4 0-0 12. g4 Nh6 13. Rg1 f6 14. exf6 Rxf6 15. g5 Rxf3 16. gxh6 Rf7 17. Bd3 Bxh4 18. Rxg7+ Rxg7 19. hxg7 Ne5 20. Bc2 Qb5+ 21. Kg1 Ng6 22. Qh5 Qe8 23. Nd2 Qf7 24. Nf3 Bf6 25. Kh1 Bd7 26. Rg1 Kxg7 27. Rg3 Rc8 28. Bd3 Be8 29. Rh3 Kg8 30. Nh2 Nf8 31. Ng4 Bg7 32. Bxh7+ Nxh7 33. Qxh7+ Kf8 34. Ba3+ 1-0

[Event "London Classic op 5th"]
[Site "London"]
[Date "2013.12.13"]
[Round "7"]
[White "Sathyanandha, Saravanan"]
[Black "Sreeves, Clement"]
[Result "0-1"]
[WhiteElo "2144"]
[BlackElo "2251"]
[PlyCount "64"]
[EventDate "2013.12.07"]
[EventType "swiss"]
[EventRounds "9"]
[EventCountry "ENG"]
[SourceTitle "CBM 157 Extra"]
[Source "ChessBase"]
[SourceDate "2013.12.19"]
[SourceVersion "1"]
[SourceVersionDate "2013.12.19"]
[SourceQuality "1"]

1. e4 e5 2. Bc4 Nf6 3. d3 Nc6 4. Nc3 Na5 5. Qf3 d6 6. Nge2 Be7 7. h3 Be6 8. b3 0-0 9. 0-0 a6 10. a4 b6 11. Nd5 Bxd5 12. exd5 c6 13. b4 Nxc4 14. dxc4 cxd5 15. cxd5 Qc7 16. Qb3 Rac8 17. c3 Qc4 18. Qxc4 Rxc4 19. Rd1 a5 20. Be3 axb4 21. Bxb6 bxc3 22. a5 c2 23. Rd3 Rfc8 24. Nc1 Rb4 25. Be3 e4 26. Rd2 Rb5 27. a6 Nxd5 28. a7 Ra8 29. Rxc2 Nxe3 30. fxe3 Rb7 31. Rca2 Bf6 32. Nb3 Bxa1 0-1

[Event "BCF-chT2d 1213 (4NCL) Demotion pool"]
[Site "England"]
[Date "2013.05.05"]
[Round "10.82"]
[White "Byron, Alan M"]
[Black "Sathyanandha, Saravanan"]
[Result "1/2-1/2"]
[WhiteElo "2160"]
[BlackElo "2097"]
[PlyCount "149"]
[EventDate "2012.11.03"]
[EventType "team-tourn"]
[EventRounds "4"]
[EventCountry "ENG"]
[SourceTitle "EXT 2014"]
[Source "ChessBase"]
[SourceDate "2013.11.20"]
[SourceVersion "1"]
[SourceVersionDate "2013.11.20"]
[SourceQuality "1"]
[WhiteTeam "e2e4.org.uk II"]
[BlackTeam "KJCA Kings"]
[WhiteTeamCountry "ENG"]
[BlackTeamCountry "ENG"]

1. c4 e5 2. g3 Nf6 3. Bg2 c6 4. Nf3 e4 5. Nd4 d5 6. cxd5 cxd5 7. Nc3 Nc6 8. Nxc6 bxc6 9. d3 exd3 10. Qxd3 Qb6 11. 0-0 Be7 12. Na4 Qa5 13. Qc2 0-0 14. Be3 Ba6 15. Rfc1 Rfe8 16. Bf3 Nd7 17. Bd4 Bf6 18. Bxf6 Nxf6 19. a3 h6 20. b4 Qc7 21. Nb2 Rac8 22. Nd3 Qb6 23. Nc5 Bc4 24. e3 a5 25. Qc3 Rb8 26. Rab1 Qa7 27. Rb2 Rb6 28. Qd4 axb4 29. axb4 Reb8 30. Rcb1 Qa3 31. Qd2 Rb5 32. h3 Qa7 33. Kg2 Qe7 34. Qd4 Nd7 35. Nxd7 Qxd7 36. e4 Qb7 37. exd5 Bxd5 38. Bxd5 Rxd5 39. Qe4 Rb5 40. Rc1 c5 41. Qxb7 R8xb7 42. Rc4 f5 43. Rbc2 cxb4 44. Rb2 Kf7 45. f4 Ke6 46. Rd4 b3 47. Rd3 g5 48. Kf3 Rb4 49. Re2+ Kf6 50. Rb2 R7b6 51. Re3 Kg6 52. Rd3 gxf4 53. gxf4 Kh5 54. Kg3 Rg6+ 55. Kh2 Rxf4 56. Rdxb3 Rf1 57. Rg2 Rc6 58. Rbb2 Rcc1 59. Rbf2 Rh1+ 60. Kg3 Kg5 61. Rf3 h5 62. Kf2+ Kf6 63. Kg3 Rc4 64. Rgf2 Rc5 65. Kg2 Ra1 66. Kg3 Ra4 67. Rf4 Rc3+ 68. R2f3 h4+ 69. Kxh4 Rxf4+ 70. Rxf4 Ke5 71. Ra4 f4 72. Rb4 Kf5 73. Ra4 Rc8 74. Ra5+ Ke4 75. Ra4+ 1/2-1/2

[Event "BCF-chT2b 1213 (4NCL)"]
[Site "England"]
[Date "2013.02.23"]
[Round "5.85"]
[White "Guthrie, David"]
[Black "Sathyanandha, Saravanan"]
[Result "1-0"]
[WhiteElo "2170"]
[BlackElo "2097"]
[PlyCount "87"]
[EventDate "2012.11.03"]
[EventType "team-tourn"]
[EventRounds "7"]
[EventCountry "ENG"]
[SourceTitle "EXT 2014"]
[Source "ChessBase"]
[SourceDate "2013.11.20"]
[SourceVersion "1"]
[SourceVersionDate "2013.11.20"]
[SourceQuality "1"]
[WhiteTeam "Kings Head"]
[BlackTeam "KJCA Kings"]
[WhiteTeamCountry "ENG"]
[BlackTeamCountry "ENG"]

1. d4 Nf6 2. Nf3 e6 3. c4 b6 4. Nc3 Bb4 5. e3 Bb7 6. Bd3 0-0 7. 0-0 d5 8. a3 Bd6 9. b4 a5 10. b5 dxc4 11. Bxc4 Nbd7 12. Re1 e5 13. e4 exd4 14. Qxd4 Ng4 15. Bg5 Qe8 16. e5 Ngxe5 17. Nxe5 Bxe5 18. Qg4 Qc8 19. Rac1 Bxc3 20. Rxc3 Nc5 21. Qh4 Qf5 22. Be7 Rfe8 23. Rce3 Qd7 24. Bxc5 bxc5 25. Re7 Rxe7 26. Qxe7 Qxe7 27. Rxe7 Rd8 28. f3 h6 29. Rxc7 Bd5 30. Rxc5 Bxc4 31. Rxc4 Rd1+ 32. Kf2 Rb1 33. a4 Rb3 34. Rc8+ Kh7 35. Ra8 Rb2+ 36. Kg3 g5 37. Rxa5 Kg6 38. Ra6+ f6 39. b6 h5 40. h3 h4+ 41. Kh2 f5 42. a5 Kh5 43. Ra8 Rb5 44. Rg8 1-0

[Event "West Bromwich e2e4 op"]
[Site "West Bromwich"]
[Date "2013.01.27"]
[Round "4"]
[White "Sathyanandha, Saravanan"]
[Black "Burnett, Jim"]
[Result "1-0"]
[WhiteElo "2073"]
[BlackElo "2172"]
[PlyCount "51"]
[EventDate "2013.01.25"]
[EventType "swiss"]
[EventRounds "5"]
[EventCountry "ENG"]
[SourceTitle "CBM 152 Extra"]
[Source "ChessBase"]
[SourceDate "2013.02.25"]
[SourceVersion "1"]
[SourceVersionDate "2013.02.25"]
[SourceQuality "1"]

1. e4 e6 2. Nf3 d5 3. Nc3 Nf6 4. e5 Nfd7 5. d4 c5 6. dxc5 Nc6 7. Bf4 Bxc5 8. Bd3 f6 9. exf6 Nxf6 10. Qe2 0-0 11. 0-0-0 Bd7 12. h4 Qe7 13. Ne5 Bd6 14. Rhe1 Rae8 15. Bg3 Bb4 16. Nxc6 bxc6 17. Be5 c5 18. Bb5 Bxc3 19. Bxc3 Bxb5 20. Qxb5 Ne4 21. Rxe4 dxe4 22. Rd7 Rxf2 23. Rxe7 Rxe7 24. Qxc5 Rf1+ 25. Kd2 Ref7 26. Qc8+ 1-0

[Event "BCF-chT2b 1213 (4NCL)"]
[Site "England"]
[Date "2013.01.13"]
[Round "4.73"]
[White "Sands, David A"]
[Black "Sathyanandha, Saravanan"]
[Result "1/2-1/2"]
[WhiteElo "2235"]
[BlackElo "2073"]
[PlyCount "83"]
[EventDate "2012.11.03"]
[EventType "team-tourn"]
[EventRounds "7"]
[EventCountry "ENG"]
[SourceTitle "EXT 2014"]
[Source "ChessBase"]
[SourceDate "2013.11.20"]
[SourceVersion "1"]
[SourceVersionDate "2013.11.20"]
[SourceQuality "1"]
[WhiteTeam "Barbican Youth"]
[BlackTeam "KJCA Kings"]
[WhiteTeamCountry "ENG"]
[BlackTeamCountry "ENG"]

1. d4 Nf6 2. c4 e6 3. Nc3 Bb4 4. e3 b6 5. Nge2 Bb7 6. a3 Bxc3+ 7. Nxc3 d5 8. cxd5 exd5 9. Bd3 0-0 10. Qc2 c5 11. 0-0 Nbd7 12. f3 a6 13. Qf2 Re8 14. Bd2 b5 15. Rad1 Qb6 16. Rfe1 Re7 17. Ne2 Rae8 18. Bb1 cxd4 19. Nxd4 Ne5 20. Nf5 Re6 21. Bc3 g6 22. Nd4 R6e7 23. Kh1 Nc4 24. Nc2 Nd7 25. Bd4 Qc7 26. Nb4 Nc5 27. Bc2 f5 28. Nd3 Ne6 29. Bb3 Nxd4 30. exd4 Qb6 31. Rxe7 Rxe7 32. Re1 Rxe1+ 33. Nxe1 Qe6 34. Nd3 Qe3 35. Bxc4 Qxf2 36. Bxd5+ Bxd5 37. Nxf2 Bc4 38. Nd1 Kf7 39. Nc3 g5 40. Kg1 h5 41. g3 Ke6 42. Kf2 1/2-1/2

[Event "Wch U18"]
[Site "Maribor"]
[Date "2012.11.15"]
[Round "8.38"]
[White "Sathyanandha, Saravanan"]
[Black "Jovanovic, Bojan P"]
[Result "0-1"]
[WhiteElo "2055"]
[BlackElo "2201"]
[PlyCount "80"]
[EventDate "2012.11.08"]
[EventType "swiss"]
[EventRounds "11"]
[EventCountry "SLO"]
[SourceTitle "EXT 2013"]
[Source "ChessBase"]
[SourceDate "2012.11.22"]
[SourceVersion "1"]
[SourceVersionDate "2012.11.22"]
[SourceQuality "1"]

1. e4 e6 2. Nf3 d5 3. Nc3 Nf6 4. e5 Nfd7 5. d4 c5 6. dxc5 Bxc5 7. Bd3 Nc6 8. Bf4 Be7 9. h4 Nc5 10. Be2 f5 11. Nb5 Ne4 12. c3 0-0 13. Nbd4 Bd7 14. g3 a6 15. Kf1 b5 16. Rc1 Nc5 17. Nxc6 Bxc6 18. Nd4 Bd7 19. b3 Rc8 20. f3 Nb7 21. c4 dxc4 22. bxc4 bxc4 23. Bxc4 Rxc4 24. Rxc4 Bb5 25. Qe2 Bxc4 26. Qxc4 Na5 27. Qxe6+ Kh8 28. Kg2 Qxd4 29. Qxe7 Rb8 30. Rc1 Qd3 31. Qc7 Rb2+ 32. Kh3 h5 33. Qf7 Nc6 34. Qxh5+ Kg8 35. Qe8+ Kh7 36. h5 Ne7 37. Rc8 Qf1+ 38. Kh4 Nxc8 39. Qxc8 Rh2+ 40. Kg5 Rxh5+ 0-1

[Event "Wch U18"]
[Site "Maribor"]
[Date "2012.11.14"]
[Round "7.48"]
[White "Oberholzer, Francois"]
[Black "Sathyanandha, Saravanan"]
[Result "0-1"]
[WhiteElo "1860"]
[BlackElo "2055"]
[PlyCount "86"]
[EventDate "2012.11.08"]
[EventType "swiss"]
[EventRounds "11"]
[EventCountry "SLO"]
[SourceTitle "EXT 2013"]
[Source "ChessBase"]
[SourceDate "2012.11.22"]
[SourceVersion "1"]
[SourceVersionDate "2012.11.22"]
[SourceQuality "1"]

1. e4 e6 2. d4 d5 3. Nc3 Nf6 4. Bg5 Be7 5. e5 Nfd7 6. Bxe7 Qxe7 7. f4 a6 8. Nf3 c5 9. dxc5 Nxc5 10. Bd3 h6 11. Qd2 Nc6 12. 0-0-0 b5 13. Kb1 Bb7 14. Ne2 0-0-0 15. Ned4 Kb8 16. Rhe1 Rc8 17. Nxc6+ Rxc6 18. Nd4 Rb6 19. f5 Na4 20. Nb3 b4 21. Qf4 Qc7 22. Qg3 Rg8 23. h4 a5 24. Qe3 Rc8 25. fxe6 fxe6 26. Nd4 Ka8 27. g4 Qe7 28. g5 Rb8 29. gxh6 gxh6 30. Nb3 Bc6 31. Qxh6 Nc3+ 32. bxc3 bxc3 33. Qg5 Qa3 34. Qc1 Qb4 35. h5 a4 36. h6 axb3 37. cxb3 Ba4 38. Qc2 Bxb3 39. axb3 Qa3 40. Qa2 Rxb3+ 41. Ka1 Qxa2+ 42. Kxa2 R3b7 43. Re4 Ra7+ 0-1

[Event "GBR-ch 97th"]
[Site "Canterbury"]
[Date "2010.08.06"]
[Round "11"]
[White "Adair, James R"]
[Black "Sathyanandha, Saravanan"]
[Result "1/2-1/2"]
[WhiteElo "2205"]
[BlackElo "1986"]
[PlyCount "56"]
[EventDate "2010.07.26"]
[EventType "swiss"]
[EventRounds "11"]
[EventCountry "ENG"]
[SourceTitle "CBM 137 Extra"]
[Source "ChessBase"]
[SourceDate "2010.09.01"]
[SourceVersion "1"]
[SourceVersionDate "2010.09.01"]
[SourceQuality "1"]

1. e4 e6 2. d4 d5 3. Nd2 Nf6 4. e5 Nfd7 5. f4 c5 6. c3 Nc6 7. Ndf3 cxd4 8. cxd4 Bb4+ 9. Bd2 Qa5 10. Ne2 Bxd2+ 11. Qxd2 Qxd2+ 12. Kxd2 b5 13. Nc1 Rb8 14. Nd3 a5 15. Rc1 Rb6 16. Be2 0-0 17. Nc5 a4 18. Nxd7 Bxd7 19. Rc5 Na5 20. Rc7 Bc8 21. Kc3 b4+ 22. Kd2 Ba6 23. Ra7 Nc4+ 24. Bxc4 dxc4 25. Rc1 Rfb8 26. Ng5 R8b7 27. Ra8+ Rb8 28. Ra7 R8b7 1/2-1/2